| 000 | 00876cam a2200253 a 4500 | ||
|---|---|---|---|
| 001 | 000018123 | ||
| 003 | UkOxU | ||
| 005 | 20200929165350.0 | ||
| 008 | 961209s1972 sp 001 f spa d | ||
| 040 |
_aDO-SdBNP _bspa _cDLC _dBNPHU |
||
| 082 |
_aCu863.42 _bB116f |
||
| 100 | 1 |
_aBacardí Moreau, Emilio, _d1844-1922. _939145 |
|
| 245 | 1 | 0 |
_aFiligrana : _bnovela histórica (1810-1820) / _cEmilio Bacardí Moreau ; reeditadas por Amalia Bacardí Cape. |
| 260 |
_aMadrid, España : _bPlayor, _c1972. |
||
| 300 |
_a269 p ; _c21 cm. |
||
| 490 | 1 | _aObras completas de Emilio Bacardí Moreau | |
| 650 | 4 |
_aNovela cubana _92316 |
|
| 650 | 4 |
_aNovela histórica cubana _95841 |
|
| 650 | 4 |
_aLiteratura cubana _91483 |
|
| 700 | 1 |
_aBacardí Cape, Amalia _939146 |
|
| 830 | 0 |
_aObras completas de Emilio Bacardí Moreau ; _939271 |
|
| 910 | _aCatalogación por copia / LC | ||
| 049 | _aBNGR | ||
| 999 |
_c17644 _d17644 |
||